| 000 | 00562nam a2200181 i 4500 | ||
|---|---|---|---|
| 001 | 99091 | ||
| 003 | ES-MaACL | ||
| 005 | 20230906182434.0 | ||
| 007 | t| | ||
| 008 | 051121s1965 pr ||||1| spa d | ||
| 080 | _a308-053.81(729.5) | ||
| 100 | 1 |
_aRodríguez Bou, Ismael. _998384 |
|
| 245 | 1 | 0 |
_aEsbozo de un tema _b: las nuevas generaciones en Puerto Rico / _cIsmael Rodríguez Bou. |
| 260 |
_aSan Juan de Puerto Rico : _b[s.n.], _c1965. |
||
| 300 |
_a146 p. ; _c23 cm. |
||
| 650 | 4 |
_aJóvenes- _zPuerto Rico. _913957 |
|
| 852 |
_aES-MaACL _jE-11066 _bR.136751 |
||
| 999 |
_c99091 _d99091 |
||